Proceedings of the second state level conference of planning forums, Madras state (Record no. 497187)

000 -LEADER
fixed length control field 00391cam a22001097a 4500
008 - FIXED-LENGTH DATA ELEMENTS--GENERAL INFORMATION
fixed length control field 180718b1962 xxu||||| |||| 00| 0 eng d
082 ## - DEWEY DECIMAL CLASSIFICATION NUMBER
Classification number T000x5452 M267f/2 c.2
245 ## - TITLE STATEMENT
Title Proceedings of the second state level conference of planning forums, Madras state
Statement of responsibility, etc. by Finance Department, Madras
260 ## - PUBLICATION, DISTRIBUTION, ETC.
Place of publication, distribution, etc. Madras
Name of publisher, distributor, etc. Government of Madras
Date of publication, distribution, etc. 1962
300 ## - PHYSICAL DESCRIPTION
Extent 81p.
700 ## - ADDED ENTRY--PERSONAL NAME
Personal name Madras. Finance Department
Holdings
Withdrawn status Lost status Damaged status Not for loan Permanent Location Current Location Date acquired Full call number Barcode Date last seen Price effective from Koha item type
        Indian Institute of Public Administration Indian Institute of Public Administration 2018-08-04 T000x5452 M267f/2 c.2 GG1792 2018-08-04 2018-08-04 GG

Powered by Koha